| 000 | 00433nam a22001337a 4500 | ||
|---|---|---|---|
| 020 | _qHBK. | ||
| 082 | _a658 | ||
| 100 | _aAmin, Azka | ||
| 245 |
_aEffects of Sponsorships on Consumers' Perception, Attitudes and Decision Making Towards Sponsors in Pakistan _cAzka Amin. |
||
| 260 |
_aIslamabad: _bNBS - NUST, _c2013. |
||
| 300 |
_a38 p. : ill. ; _c30cm. |
||
| 942 |
_2ddc _cTHE |
||
| 999 |
_c527455 _d527455 |
||